| 000 | 01732nam a2200373 a 4500 | ||
|---|---|---|---|
| 001 | ebr10502513 | ||
| 003 | CaPaEBR | ||
| 006 | m u | ||
| 007 | cr cn||||||||| | ||
| 008 | 110719s2012 ne sb 001 0 eng d | ||
| 010 | _z 2011029856 | ||
| 020 | _z9789004212190 | ||
| 020 | _z9789004217072 (e-book) | ||
| 040 |
_aCaPaEBR _cCaPaEBR |
||
| 035 | _a(OCoLC)761845584 | ||
| 050 | 1 | 4 |
_aCE6 _b.N68 2012eb |
| 082 | 0 | 4 |
_a529 _223 |
| 100 | 1 | _aNothaft, C. Philipp E. | |
| 245 | 1 | 0 |
_aDating the Passion _h[electronic resource] : _bthe life of Jesus and the emergence of scientific chronology (200-1600) / _cby C. Philipp E. Nothaft. |
| 260 |
_aLeiden ; _aBoston : _bBrill, _c2012. |
||
| 300 | _avi, 319 p. | ||
| 490 | 1 |
_aTime, astronomy, and calendars, _x2211-632X ; _vv. 1 |
|
| 500 | _aSubstantially the revised English version of the author's German dissertation, entitled Das Leben Jesu und die Entstehung der wissenschaftlichen Chronologie: Eine problemgeschichtliche Studie (200- 1600), which was submitted to the Ludwig Maximilian University of Munich in October 2010. | ||
| 504 | _aIncludes bibliographical references and indexes. | ||
| 533 |
_aElectronic reproduction. _bPalo Alto, Calif. : _cebrary, _d2013. _nAvailable via World Wide Web. _nAccess may be limited to ebrary affiliated libraries. |
||
| 650 | 0 | _aChronology, Historical. | |
| 650 | 0 |
_aHistory _xMethodology. |
|
| 650 | 0 |
_aChronology _xHistoriography. |
|
| 650 | 0 |
_aCalendar _xHistory. |
|
| 655 | 7 |
_aElectronic books. _2local |
|
| 710 | 2 | _aebrary, Inc. | |
| 830 | 0 |
_aTime, astronomy, and calendars ; _vv. 1. |
|
| 856 | 4 | 0 |
_uhttp://site.ebrary.com/lib/rucke/Doc?id=10502513 _zAn electronic book accessible through the World Wide Web; click to view |
| 999 |
_c115303 _d115303 |
||